| 000 | 01626cam a2200433 a 4500 | ||
|---|---|---|---|
| 999 |
_c28992 _d28963 |
||
| 001 | 15848752 | ||
| 003 | EG-ScBUE | ||
| 005 | 20201025121313.0 | ||
| 008 | 090803t2011 enka f bd 001 0 eng d | ||
| 020 | _a9780136089162 | ||
| 020 | _a0273749927 | ||
| 020 | _a9780273749929 | ||
| 035 | _a(OCoLC)ocn429227850 | ||
| 040 |
_aDLC _beng _erda _cDLC _dYDX _dYDXCP _dUKM _dCDX _dDLC _dEG-ScBUE |
||
| 041 | 0 |
_aeng _beng |
|
| 082 | 0 | 4 |
_a005.42 _bKEN _222 |
| 100 | 1 |
_aKendall, Kenneth E., _d1948- _eauthor. |
|
| 245 | 1 | 0 |
_aSystems analysis and design / _cKenneth E. Kendall, Rutgers University, School of Business-Camden, Camden, New Jersey, Julie E. Kendall, Rutgers University, School of Business-Camden, Camden, New Jersey. |
| 250 | _aEighth edition. | ||
| 250 | _aGlobal edition. | ||
| 264 | 1 |
_aHarlow, England : _bPearson Education Limited, _c[2011] |
|
| 264 | 4 | _ac2011 | |
| 300 |
_a600 pages : _bcolor illustrations ; _c29 cm |
||
| 336 |
_2rdacontent _atext _btxt |
||
| 337 |
_2rdamedia _aunmediated _bn |
||
| 338 |
_2rdacarrier _avolume _bnc |
||
| 500 | _aIncludes glossary. | ||
| 504 | _aIncludes bibliographical references and index. | ||
| 546 | _aIn English; summary in English. | ||
| 650 | 7 |
_aSystem design. _2BUEsh |
|
| 650 | 7 |
_aSystem analysis. _2BUEsh |
|
| 650 | 7 |
_aSystems programming (Computer science) _2BUEsh |
|
| 653 |
_bCOMSCI _cOctober2020 |
||
| 655 |
_vReading book _934232 |
||
| 700 | 1 |
_aKendall, Julie E., _d1952- _eauthor. |
|
| 906 |
_a7 _bcbc _corignew _d1 _eecip _f20 _gy-gencatlg |
||
| 942 |
_2ddc _cBB |
||